Most Guessed Countries on Jetpunk - Statistics

General Stats
  • This quiz has been taken 24 times
  • The average score is 19 of 20
Answer Stats
Percentage Guessed Answer % Correct
86% Argentina
100%
94% Australia
100%
95% China
100%
92% Germany
100%
92% India
100%
94% Italy
100%
92% Japan
100%
95% Mexico
100%
96% Russia
100%
93% Spain
100%
97% United States
100%
94% Brazil
96%
96% Canada
96%
94% France
96%
94% United Kingdom
96%
87% Egypt
83%
88% South Africa
83%
87% Ireland
79%
86% Portugal
79%
86% Iceland
46%
No matching quizzes found
Score Distribution
Percent of People with Each Score
Percentile by Number Answered
Your Score History
You have not taken this quiz